Rozpoznaj piłkarzy Ekstraklasy po zdjęciach - Statystyki

Ogólne statystyki
  • Ten quiz został rozwiązany 56 razy
  • Średni wynik to 8 z 12
Statystyki odpowiedzi
Obrazkowy Odpowiedź % Poprawnych
Josue
96%
Kacper Tobiasz
89%
Lukas Podolski
87%
Erik Exposito
85%
Kristoffer Velde
80%
Fran Tudor
74%
Jesus Imaz
72%
Bartłomiej Pawłowski
61%
Bartłomiej Wdowik
59%
Ariel Mosór
41%
Efthymios Koulouris
30%
Vahan Bichakhchyan
13%
Nie znaleziono quizów pasujących do podanych kryteriów
Rozkład punktacji
Procent ludzi z każdym wynikiem
Percentyl według liczby udzielonych odpowiedzi
Twoja historia wyników
Nie rozwiązałeś tego quizu